[Event "Al-Ain Classic Open A 2013"]
[Site "Al-Ain UAE"]
[Date "2013.12.20"]
[Round "2.42"]
[White "Alahakoon,I"]
[Black "Hejazipour,M"]
[Result "0-1"]
[WhiteElo "2067"]
[BlackElo "2274"]

1.e4 c5 2.c3 Nf6 3.e5 Nd5 4.Nf3 e6 5.Bc4 Nc6 6.d4 cxd4 7.cxd4 d6 8.O-O Be7
9.Qe2 O-O 10.Nc3 dxe5 11.dxe5 Nxc3 12.bxc3 Qa5 13.Qe4 Qa4 14.Bg5 h6 15.Bxe7 Nxe7
16.Rab1 Rb8 17.Rb4 Qc6 18.Bd3 Qxe4 19.Bxe4 b6 20.Rd1 Bb7 21.Bxb7 Rxb7 22.Rc4 Nd5
23.Nd4 a6 24.Nf5 Rd7 25.Ng3 b5 26.Rc6 Ra7 27.Ne4 Ne7 28.Rc5 Rb8 29.f3 Nd5
30.Rb1 Nb6 31.Rc6 Nd5 32.a4 Nf4 33.g3 Nd5 34.Rb3 Raa8 35.axb5 axb5 36.Rc5 b4
37.c4 Nc3 38.Nd6 Ne2+ 39.Kf2 Nd4 40.Rb2 b3 41.Ke3 Ra2 42.Rxa2 bxa2 43.Ra5 Nc2+
44.Kf4 a1=Q 45.Rxa1 Nxa1 46.c5 Nc2 47.c6 Nb4  0-1

[Event "Al-Ain Classic Open A 2013"]
[Site "Al-Ain UAE"]
[Date "2013.12.20"]
[Round "2.12"]
[White "Mammadov,Z"]
[Black "Kveinys,A"]
[Result "1-0"]
[WhiteElo "2423"]
[BlackElo "2534"]

1.e4 c5 2.c3 Nf6 3.e5 Nd5 4.Nf3 e6 5.d4 cxd4 6.cxd4 d6 7.Bc4 Be7 8.O-O O-O
9.Qe2 b6 10.Nbd2 Bb7 11.Ne4 dxe5 12.dxe5 Nd7 13.Bd2 Rc8 14.Rac1 Nc5 15.Ng3 Rc7
16.Nh5 g6 17.Ng3 Qb8 18.Nd4 a6 19.f4 b5 20.Bxd5 Bxd5 21.f5 exf5 22.Ngxf5 gxf5
23.Nxf5 Ne6 24.Rc3 Qa7+ 25.Be3 Qb7 26.Bh6 Kh8 27.Nxe7 Rxe7 28.Qf2 f5 29.exf6 Ref7
30.Bxf8 Nxf8 31.Re3 Qb6 32.Re8 Qxf2+ 33.Rxf2 Bxa2 34.Ra8 Bc4 35.Rxa6 Rd7
36.Rf3 Rd1+ 37.Kf2 Rd2+ 38.Ke3 Rxg2 39.Rg3 Re2+ 40.Kd4 Re8 41.Ra7 Rd8+ 42.Kc5 Rd5+
43.Kb4 Rf5 44.b3 Be6 45.Ka5 Rxf6 46.Kxb5 Rf5+ 47.Kb4 Ng6 48.Kc3 Bf7 49.b4 Kg7
50.Ra5 Rf4 51.Rc5 Rf1 52.b5 Rb1 53.Kc2 Rb4 54.Rg1 Kf6 55.Rf1+ Kg7 56.Rb1 Rxb1
57.Kxb1 Nf8 58.b6 Nd7 59.b7 Nxc5 60.b8=Q Ne6 61.Qe5+ Kg6 62.h4 h6 63.Kc2 Ng7
64.Kd3 Nh5 65.Kd4 Nf6 66.Qf4 Ng8 67.Ke5 Kg7 68.Kd6 h5 69.Qf5 Kf8 70.Qg5 Be8
71.Qe5 Bf7 72.Kd7 Bg6 73.Kd8 Kf7 74.Qc7+ Kf8 75.Qc3 Kf7 76.Qe5 Kf8 77.Qc7 Bf7
78.Qg3 Nh6 79.Qe5 Ng8 80.Qg5  1-0

[Event "WYCC U16 Girls 2013"]
[Site "Al-Ain UAE"]
[Date "2013.12.20"]
[Round "3.29"]
[White "Beinenson,Katsiaryna"]
[Black "Golubeva,Marija"]
[Result "1-0"]
[WhiteElo "1961"]
[BlackElo "1825"]

1.e4 c5 2.c3 Nf6 3.e5 Nd5 4.d4 cxd4 5.Nf3 Nc6 6.cxd4 d6 7.Bc4 Nb6 8.Bb5 dxe5
9.Nxe5 Bd7 10.Nxd7 Qxd7 11.Nc3 e6 12.Qg4 Rd8 13.Be3 g6 14.O-O Bg7 15.Rfd1 O-O
16.Rac1 a6 17.Bxc6 bxc6 18.Qe2 Qb7 19.Ne4 Nd5 20.Bg5 Rb8 21.b3 Qb5 22.Qc2 Nb4
23.Qd2 Qa5 24.Nc5 Rb5 25.a4 Rbb8 26.Nd7 Qd5 27.Nxb8 Rxb8 28.Be7 a5 29.Rc5 Qxb3
30.Rxa5 Nd5 31.Bd6 Bh6 32.Qe1 Rd8 33.Bc5 Nf4 34.Rb1 Qd5 35.Qf1 Qe4 36.Rb7 Nxg2
37.f3 Qe3+ 38.Qf2 Qc3 39.Bb4 Qa1+ 40.Kxg2 Bg7 41.Bc5  1-0

[Event "16th Padova Open A 2013"]
[Site "Padova ITA"]
[Date "2013.12.22"]
[Round "9.4"]
[White "Godena,M"]
[Black "Rombaldoni,Ax"]
[Result "1-0"]
[WhiteElo "2509"]
[BlackElo "2527"]

1.e4 c5 2.c3 Nf6 3.e5 Nd5 4.Nf3 Nc6 5.d4 cxd4 6.cxd4 d6 7.Bc4 Nb6 8.Bb5 d5
9.O-O Bf5 10.a4 a5 11.Nh4 Bxb1 12.Rxb1 e6 13.Qg4 Nc8 14.Nf3 Na7 15.Be2 Qd7
16.Bd2 h6 17.h4 g6 18.Qf4 Be7 19.g3 Rb8 20.Ra1 Bd8 21.Rfc1 b5 22.axb5 Nxb5
23.Rc5 Nba7 24.Bd1 Be7 25.Rcc1 Rxb2 26.Ba4 Nb5 27.Bc3 Nxc3 28.Rxc3 O-O 29.Bxc6 Qa7
30.Qxh6 Rc8 31.h5 Bf8 32.Qc1  1-0

[Event "St Petersburg Blitz Final w 2013"]
[Site "St Petersburg RUS"]
[Date "2013.12.22"]
[Round "3.2"]
[White "Lupik,M"]
[Black "Sudakova,I"]
[Result "0-1"]
[WhiteElo "2190"]
[BlackElo "2356"]

1.e4 c5 2.c3 Nf6 3.e5 Nd5 4.d4 cxd4 5.Qxd4 e6 6.Nf3 Nc6 7.Qe4 d6 8.Bb5 Bd7
9.Na3 a6 10.Bc4 Nb6 11.Bd3 dxe5 12.Nxe5 Nxe5 13.Qxe5 Bc6 14.Bf1 Qd5 15.Qxd5 Bxd5
16.Nc2 O-O-O 17.Ne3 Be4 18.Bd2 Be7 19.O-O-O Rd7 20.Be2 Rhd8 21.Be1 Rxd1+
22.Bxd1 f5 23.Bc2 Bxc2 24.Kxc2 g6 25.Bd2 e5 26.b3 e4 27.g3 Bf6 28.Re1 Kc7
29.g4 Nd5 30.gxf5 Nxe3+ 31.Bxe3 gxf5 32.Bf4+ Kc6 33.f3 Rd3 34.fxe4 Rxc3+
35.Kd2 Rf3 36.e5 Be7 37.Bg3 Bb4+ 38.Ke2 Rc3 39.Rd1 Rc2+ 40.Kf3 Rxa2 41.e6 Rb2
42.Rd3 a5 43.Bh4 Rxh2 44.e7 Bxe7 45.Bxe7 Rh3+ 46.Ke2 Rxd3 47.Kxd3 Kd5 48.Bg5 b5
49.Bc1 h5 50.Bd2 a4 51.bxa4 bxa4 52.Bc1 h4 53.Ke3 Kc4 54.Kf3 Kb3 55.Bf4 a3
56.Be5 a2 57.Kf4  0-1

[Event "WYCC U16 Girls 2013"]
[Site "Al-Ain UAE"]
[Date "2013.12.23"]
[Round "7.13"]
[White "Vidic,Teja"]
[Black "Paramzina,A"]
[Result "1-0"]
[WhiteElo "1882"]
[BlackElo "2111"]

1.e4 c5 2.c3 Nf6 3.e5 Nd5 4.d4 cxd4 5.Nf3 Nc6 6.cxd4 d6 7.Bc4 Nb6 8.Bb5 Bd7
9.Nc3 dxe5 10.d5 Nb4 11.Nxe5 Bxb5 12.Nxb5 Rc8 13.O-O Qxd5 14.Nxa7 Qxe5 15.Nxc8 Nxc8
16.Bf4 Qf5 17.Qa4+ Nc6 18.Qa8 g5 19.Rfd1 gxf4 20.Qxb7 Na5 21.Qc7 Nd6 22.Rxd6 exd6
23.Re1+ Qe6 24.Qxa5 Bg7 25.Rxe6+ fxe6 26.Qh5+ Ke7 27.b4 d5 28.Qh4+ Bf6 29.Qxf4 Rc8
30.g3 d4 31.b5 d3 32.b6 e5 33.Qb4+ Kf7 34.Qb3+  1-0

[Event "WYCC U16 Girls 2013"]
[Site "Al-Ain UAE"]
[Date "2013.12.23"]
[Round "7.4"]
[White "Osmak,Iulija"]
[Black "Harazinska,Ewa"]
[Result "1-0"]
[WhiteElo "2212"]
[BlackElo "2050"]

1.e4 c5 2.c3 Nf6 3.e5 Nd5 4.Nf3 d6 5.d4 cxd4 6.Qxd4 e6 7.Nbd2 a6 8.Nc4 Nc6
9.Qe4 dxe5 10.Ncxe5 Nxe5 11.Qxe5 Be7 12.Qxg7 Bf6 13.Qg3 Nxc3 14.Nd2 Na4 15.Nc4 Qd5
16.Be2 Bd7 17.O-O Ke7 18.Rd1 Qc5 19.Be3 Qc6 20.Bf3 Qc8 21.Nd6 Qg8 22.Nf5+ Ke8
23.Qc7 Rd8 24.Nd6+ Ke7 25.Nxb7  1-0

[Event "Al-Ain Classic Open A 2013"]
[Site "Al-Ain UAE"]
[Date "2013.12.24"]
[Round "6.10"]
[White "Pourramezanali,A"]
[Black "Baryshpolets,A"]
[Result "1-0"]
[WhiteElo "2458"]
[BlackElo "2557"]

1.e4 c5 2.c3 Nf6 3.e5 Nd5 4.d4 cxd4 5.cxd4 d6 6.Nf3 Nc6 7.Bc4 e6 8.O-O Be7
9.Bd2 O-O 10.Nc3 Nxc3 11.Bxc3 dxe5 12.dxe5 a6 13.Qe2 b5 14.Rfd1 Qb6 15.Bd3 Bb7
16.Bd2 Rfd8 17.Be3 Qa5 18.Ng5 Nxe5 19.Bxh7+ Kf8 20.Bd4 Bxg5 21.Qxe5 Bf6 22.Bc5+ Be7
23.b4 Rxd1+ 24.Rxd1 Rd8 25.Rd4 Rxd4 26.Bxd4 Qd8 27.Qxg7+ Ke8 28.Bg8 Qd5 29.Bxf7+ Kd8
30.h4 Bxh4 31.Bb6+ Kc8 32.Bxe6+ Qxe6 33.Qc7+  1-0

[Event "WYCC U16 Girls 2013"]
[Site "Al-Ain UAE"]
[Date "2013.12.24"]
[Round "8.45"]
[White "Bashaer,Khalil"]
[Black "Markaki,S"]
[Result "0-1"]
[WhiteElo "1630"]
[BlackElo "1789"]

1.e4 c5 2.c3 Nf6 3.e5 Nd5 4.d4 cxd4 5.Qxd4 e6 6.Nf3 Qc7 7.Bc4 Nc6 8.Qe4 Nb6
9.Bb3 d5 10.exd6 Bxd6 11.O-O Nd7 12.Bg5 Nc5 13.Qc2 Nxb3 14.Qxb3 O-O 15.Re1 b6
16.Re4 h6 17.Be3 Bb7 18.Rg4 Kh8 19.Rh4 Ne7 20.Nd4 Ng6 21.Rh5 Nf4 22.Bxf4 Bxf4
23.Qd1 Rad8 24.Qg4 Rxd4  0-1

[Event "WYCC U16 Girls 2013"]
[Site "Al-Ain UAE"]
[Date "2013.12.24"]
[Round "8.8"]
[White "Vidic,Teja"]
[Black "Wozniak,Mari"]
[Result "0-1"]
[WhiteElo "1882"]
[BlackElo "2079"]

1.e4 c5 2.c3 Nf6 3.e5 Nd5 4.d4 cxd4 5.Nf3 e6 6.cxd4 d6 7.Bc4 Nc6 8.O-O Be7
9.Qe2 O-O 10.Qe4 Bd7 11.Re1 Rc8 12.a3 Qb6 13.Ba2 dxe5 14.dxe5 Bc5 15.Qh4 Nde7
16.Ng5 h6 17.Ne4 Nf5 18.Qf4 Bd4 19.Nec3 g5 20.Qd2 Nxe5 21.Rxe5 Bxe5 22.Qxd7 Rfd8
23.Qa4 Rd4 24.Qc2 Bxh2+ 25.Kxh2 Rh4+ 26.Kg1 Ng3  0-1

[Event "51st Groningen Open A 2013"]
[Site "Groningen NED"]
[Date "2013.12.26"]
[Round "5.5"]
[White "Lobzhanidze,D"]
[Black "Bok,B"]
[Result "0-1"]
[WhiteElo "2445"]
[BlackElo "2540"]

1.e4 c5 2.c3 Nf6 3.e5 Nd5 4.Nf3 e6 5.d4 cxd4 6.cxd4 d6 7.Bc4 Be7 8.O-O O-O
9.Qe2 b6 10.Nc3 Nxc3 11.bxc3 Bb7 12.exd6 Qxd6 13.Bd3 Nd7 14.a4 Qc7 15.Bd2 Rfd8
16.Be4 Bxe4 17.Qxe4 Qc4 18.Rfc1 Nc5 19.Qb1 Nb3 20.Ne5 Qd5 21.Nc6 Bf6 22.Nxd8 Nxd2
23.Qa2 Nc4 24.Nxf7 Kxf7 25.Qb3 Rc8 26.Rd1 Ne3 27.Qxd5 Nxd5 28.Kf1 Rxc3 29.a5 b5
30.a6 b4 31.Ra5 Rc4 32.Rb5 Bxd4 33.Rb7+ Kf6 34.g3 Bb6 35.Rd3 Rc1+ 36.Ke2 Rc2+
37.Rd2 Rxd2+ 38.Kxd2 Nc7 39.Kd3 Nxa6 40.Kc4 Nc7 41.Kxb4 Nd5+ 42.Kc4 Bxf2
43.Rb8 Bg1 44.h3 Bb6 45.Kd3 Bc7 46.Rf8+ Ke7 47.Rf3 Nf6 48.g4 h6 49.Kc4 e5
50.Rb3 Bb6 51.Rg3 g5 52.Rb3 Ke6 53.Rb5 Ne4 54.Rb2 Nf2 55.Re2 e4  0-1

[Event "Al-Ain Classic Open A 2013"]
[Site "Al-Ain UAE"]
[Date "2013.12.27"]
[Round "8.37"]
[White "Bhakti,K"]
[Black "Abtini,H"]
[Result "1-0"]
[WhiteElo "2267"]
[BlackElo "2014"]

1.e4 c5 2.c3 Nf6 3.e5 Nd5 4.Bc4 Nb6 5.Be2 d6 6.exd6 Qxd6 7.Nf3 Nc6 8.O-O g6
9.d3 Bg7 10.Nbd2 e5 11.Ne4 Qe7 12.Qb3 f5 13.Ng3 Be6 14.Qa3 Bf8 15.Re1 h6
16.Bd1 Bg7 17.Bb3 c4 18.Qxe7+ Kxe7 19.dxc4 Bxc4 20.Nxe5 Nxe5 21.f4 Kf7 22.fxe5 Be6
23.Bxe6+ Kxe6 24.Ne2 Nd5 25.c4 Ne7 26.Nd4+ Kf7 27.Bd2 Rhd8 28.Bc3 a6 29.Rad1 Rac8
30.Ba5 Re8 31.b3 Rc5 32.e6+ Kg8 33.Bb6 Rcc8 34.Nc2 Nc6 35.Rd7 Be5 36.e7 Rb8
37.b4 Bf6 38.Bc7 Rbc8 39.Bd6 b5 40.cxb5 axb5 41.Rb7 Nxe7 42.Bc5 Nd5 43.Rxb5 Rxe1+
44.Nxe1 Re8 45.Kf1 Bc3 46.Nc2 Ra8 47.a3 f4 48.Ke2 Bb2 49.Ra5 Re8+ 50.Kd3 g5
51.h3 Bc1 52.b5 Re6 53.Ra8+ Kf7 54.a4 Kg6 55.b6 Nxb6 56.Ra6 Nd7 57.Rxe6+ Kf5
58.Nd4+  1-0

[Event "12th Nantes Open"]
[Site "Nantes FRA"]
[Date "2013.12.27"]
[Round "1.6"]
[White "Colin,V"]
[Black "Le Gallo,F"]
[Result "1-0"]
[WhiteElo "2413"]
[BlackElo "1990"]

1.e4 c5 2.c3 Nf6 3.e5 Nd5 4.Nf3 Nc6 5.Bc4 e6 6.d4 cxd4 7.cxd4 Bb4+ 8.Nbd2 Nf4
9.O-O b5 10.Bxb5 Qb6 11.a4 a6 12.Nc4 Qc7 13.Bxf4 axb5 14.axb5 Rxa1 15.Qxa1 Nxd4
16.Nxd4 Qxc4 17.Rc1 Qxd4 18.Be3 Qxe5 19.Rxc8+ Ke7 20.Rxh8 f5 21.g3 h6 22.b6 g5
23.Qa8  1-0

[Event "10th Schachturken-Cup 2013"]
[Site "Paderborn GER"]
[Date "2013.12.27"]
[Round "2"]
[White "Karpatchev,A"]
[Black "Boos,M"]
[Result "1/2-1/2"]
[WhiteElo "2462"]
[BlackElo "2160"]

1.e4 c5 2.c3 Nf6 3.e5 Nd5 4.Nf3 Nc6 5.Bc4 Nb6 6.Bb3 d5 7.exd6 Qxd6 8.O-O Bf5
9.d4 cxd4 10.Nxd4 Nxd4 11.cxd4 e6 12.Nc3 Be7 13.Qf3 O-O 14.Rd1 Bg6 15.Bf4 Qc6
16.d5 exd5 17.Rac1 Qf6 18.Bxd5 Bh5 19.g4 g5 20.Bxb7 Rad8 21.Rxd8 Rxd8 22.Bc7 Rd7
23.Bxb6 Qxb6 24.gxh5 Qxb7 25.Qf5 Rd4 26.Re1 Rf4 27.Qd5 Qxb2 28.Ne4 Kg7 29.Qd3 Bc5
30.Re2 Qd4 31.Qc2 Bb6 32.Ng3 Qd7 33.Qb2+ Qd4 34.Qc2 Qd7 35.Qc3+ Qd4 36.Qc6 Qf6
37.Qc2 Qd4 38.Kg2 Qd5+ 39.Kg1  1/2-1/2

[Event "Al-Ain Classic Open A 2013"]
[Site "Al-Ain UAE"]
[Date "2013.12.28"]
[Round "9.23"]
[White "Mammadov,Z"]
[Black "Hejazipour,M"]
[Result "1-0"]
[WhiteElo "2423"]
[BlackElo "2274"]

1.e4 c5 2.c3 Nf6 3.e5 Nd5 4.Nf3 Nc6 5.d4 cxd4 6.cxd4 d6 7.Bc4 dxe5 8.dxe5 Ndb4
9.Qb3 e6 10.O-O Na5 11.Bb5+ Bd7 12.Qa4 Bxb5 13.Qxb5+ Nac6 14.Nc3 a6 15.Qc4 Qd3
16.Qg4 Qg6 17.Qxg6 hxg6 18.Rd1 Rd8 19.Bg5 Rxd1+ 20.Rxd1 Ne7 21.Nd4 Nbd5 22.g4 Nb6
23.Rc1 Kd7 24.Ne4 Nc6 25.Nxc6 bxc6 26.Rc3 Be7 27.Bxe7 Kxe7 28.Rxc6 Nd7 29.Rxa6 Rh4
30.f3 Nxe5 31.Kg2 f5 32.Ng5 Kf6 33.Kg3 Rh8 34.f4  1-0

[Event "23rd North American Open 2013"]
[Site "Las Vegas USA"]
[Date "2013.12.28"]
[Round "5.12"]
[White "Sevillano,E"]
[Black "Ruiz C,J"]
[Result "1/2-1/2"]
[WhiteElo "2485"]
[BlackElo "2391"]

1.e4 c5 2.c3 Nf6 3.e5 Nd5 4.Nf3 Nc6 5.d4 cxd4 6.cxd4 e6 7.Bc4 d6 8.O-O Be7
9.a3 O-O 10.Bd3 Qb6 11.Bc2 Qc7 12.Qd3 g6 13.Qe4 b6 14.Bh6 Rd8 15.Rc1 Bb7
16.Ba4 Rac8 17.Nbd2 Qb8 18.Re1 a6 19.Qg4 b5 20.Bd1 dxe5 21.dxe5 Nb6 22.Bg5 Bxg5
23.Qxg5 Nd4 24.Ne4 Bxe4 25.Rxe4 Nxf3+ 26.Bxf3 Rc4 27.Re2 Rdd4 28.h4 Rxh4
29.g4 Rh3 30.Rd1 Nd5 31.Bxd5 h6 32.Qf6 exd5 33.Kg2 Rb3 34.Rxd5 Qb7 35.Rd2 Rxb2
36.Kh2 Rxd2 37.Rxd2 Rc8 38.e6 Qc7+ 39.Kg1 Qc1+ 40.Kh2 Qxd2  1/2-1/2

[Event "10th Schachturken-Cup 2013"]
[Site "Paderborn GER"]
[Date "2013.12.28"]
[Round "4"]
[White "Karpatchev,A"]
[Black "Hoette,Philipp"]
[Result "0-1"]
[WhiteElo "2462"]
[BlackElo "2069"]

1.e4 c5 2.c3 Nf6 3.e5 Nd5 4.Nf3 Nc6 5.Bc4 Nb6 6.Bb3 c4 7.Bc2 Qc7 8.Qe2 g5
9.Na3 g4 10.Nb5 Qb8 11.Nh4 Nxe5 12.O-O d6 13.b3 Be6 14.d4 cxd3 15.Bxd3 Nxd3
16.Qxd3 Bg7 17.Nd4 Bxd4 18.Qxd4 Rg8 19.c4 Qc7 20.Be3 Nd7 21.Qf4 Qa5 22.Qg3 O-O-O
23.Rfc1 b6 24.c5 bxc5 25.Qf4 Bd5 26.Nf5 Rde8 27.b4 Qb6 28.bxc5 dxc5 29.Rab1 Qc6
30.Bxc5 Nxc5 31.Qb8+ Kd7 32.Qxa7+ Qc7 33.Qxc7+ Kxc7 34.Rxc5+ Bc6 35.Rbc1 Rg6
36.Nd4 Kb7 37.Nxc6  0-1

[Event "51st Groningen Open A 2013"]
[Site "Groningen NED"]
[Date "2013.12.30"]
[Round "9.45"]
[White "Lyell,M"]
[Black "Henseler,J"]
[Result "1/2-1/2"]
[WhiteElo "2247"]
[BlackElo "2073"]

1.e4 c5 2.c3 Nf6 3.e5 Nd5 4.Bc4 Nb6 5.Bb3 Nc6 6.Nf3 c4 7.Bc2 Qc7 8.Qe2 g5
9.Na3 g4 10.Nb5 Qb8 11.Ng5 Nxe5 12.b3 h6 13.Ne4 d5 14.Ng3 Bd7 15.a4 e6 16.bxc4 dxc4
17.O-O a6 18.Nd4 Qc7 19.Re1 f6 20.Nh5 Be7 21.Ba3 Nd5 22.Be4 Rg8 23.Bxe7 Kxe7
24.Nf5+ exf5 25.Bxd5 Be6 26.Nf4 Bf7 27.Rab1 Rab8 28.Qe3 Rgd8 29.Bxf7 Kxf7
30.Rb6 Rd6 31.Reb1 Rxb6 32.Rxb6 Re8 33.Rxf6+ Kg8 34.Ne6 f4 35.Qe4 Qh7 36.Qxh7+ Kxh7
37.Nxf4 Nd3 38.Re6 Rxe6 39.Nxe6 Kg6 40.Nd4 Nc5 41.f4 Nxa4 42.Kf2 Nc5 43.Ke3 b5
44.g3 Kf6 45.Nc6 Nb3 46.d3 cxd3 47.Kxd3 a5 48.Kc2 a4 49.Na7 Kf5 50.Nxb5 Ke4
51.Nd6+ Kd5 52.Nf5 h5 53.Ng7 Kc4 54.Kb2 Nd2 55.Nxh5 Nf3 56.f5 Kd5 57.Nf6+ Ke5
58.Nxg4+ Kxf5 59.h3 Ng1 60.Nf2 Ne2 61.g4+ Kg5 62.c4 Kh4 63.c5 Nd4 64.Ka3 Ne6
65.c6 Nd4 66.Kxa4 Nxc6 67.Kb5 Ne5 68.Kc5 Nf3 69.Kd5 Ng5 70.Kc5 Nxh3 71.Nxh3 Kxg4  1/2-1/2

[Event "Bay Area International 2014"]
[Site "Santa Clara USA"]
[Date "2014.01.02"]
[Round "1.31"]
[White "Klotz-Burwell,Hunter P"]
[Black "Ruiz C,J"]
[Result "0-1"]
[WhiteElo "2006"]
[BlackElo "2374"]

1.e4 c5 2.c3 Nf6 3.e5 Nd5 4.Nf3 Nc6 5.Bc4 Nb6 6.Bb3 c4 7.Bc2 Qc7 8.Qe2 g5
9.e6 dxe6 10.Nxg5 Qe5 11.d4 cxd3 12.Bxd3 Qxe2+ 13.Bxe2 Bg7 14.O-O O-O 15.Nd2 f5
16.Nc4 h6 17.Nxb6 axb6 18.Nf3 e5 19.Be3 Be6 20.a3 Na5 21.Bxb6 Nc4 22.Bxc4 Bxc4
23.Rfe1 e4 24.Nd2 Bd3 25.f3 Ra6 26.Bc5 Re6 27.fxe4 fxe4 28.Nf1 Rf5 29.Bb4 Be5
30.Ne3 Rh5 31.g3 Rg5 32.Kh1 h5 33.Nd5 Kf7 34.Ne3 Bc7 35.Rad1 h4 36.gxh4 Rh5
37.Ng2 Rf5 38.Rd2 Ref6 39.Ne3 Rf2 40.c4 Rxd2 41.Bxd2 Rf2 42.Bc3 Rxh2+ 43.Kg1 Rxh4
44.c5 Bg3 45.Ra1 Rh5 46.b4 Be2 47.Nf1 Bf4 48.Kf2 Bf3 49.Ra2 Rg5 50.Ke1 Rg1
51.Rf2 Bg3 52.Bd4 Ke6  0-1

[Event "26th Staufer-Open A 2014"]
[Site "Schwaebisch Gmuend GER"]
[Date "2014.01.03"]
[Round "4.41"]
[White "Erker,T"]
[Black "Lenz,Jonas"]
[Result "1-0"]
[WhiteElo "2126"]
[BlackElo "1956"]

1.e4 c5 2.c3 Nf6 3.e5 Nd5 4.d4 cxd4 5.Nf3 d6 6.cxd4 e6 7.Bd3 Be7 8.Qe2 Nc6
9.O-O O-O 10.Rd1 f5 11.exf6 Bxf6 12.Qe4 g6 13.Bh6 Bg7 14.Bxg7 Kxg7 15.Nc3 Rf4
16.Qe1 Rxf3 17.gxf3 Nf4 18.Bf1 e5 19.dxe5 Qg5+ 20.Kh1 Nxe5 21.Qe3 Bf5 22.Ne2 Ned3
23.Rxd3  1-0

[Event "Bay Area International 2014"]
[Site "Santa Clara USA"]
[Date "2014.01.04"]
[Round "4.31"]
[White "Breckenridge,S"]
[Black "Hendrickson,Nolan R"]
[Result "1/2-1/2"]
[WhiteElo "2342"]
[BlackElo "2145"]

1.e4 c5 2.c3 Nf6 3.e5 Nd5 4.Nf3 d6 5.d4 cxd4 6.Qxd4 e6 7.Nbd2 a6 8.Nc4 Nc6
9.Qe4 dxe5 10.Ncxe5 Nxe5 11.Nxe5 Bd6 12.Nf3 O-O 13.Bd3 f5 14.Qe2 Qc7 15.O-O Bd7
16.Re1 Rae8 17.Ne5 Bxe5 18.Qxe5 Qxe5 19.Rxe5 Ne7 20.Re1 Nc6 21.Be3 e5 22.Bc5 Rf6
23.Rad1 Be6 24.Bb1 Rf7 25.Rd2 Rd7 26.Rde2 Bc4 27.Re3 Be6 28.b3 Kf7 29.Bb6 Ree7  1/2-1/2

[Event "26th Staufer-Open A 2014"]
[Site "Schwaebisch Gmuend GER"]
[Date "2014.01.04"]
[Round "5.23"]
[White "Fleischer,F"]
[Black "Koenig,Dir1"]
[Result "1/2-1/2"]
[WhiteElo "2206"]
[BlackElo "2078"]

1.e4 c5 2.c3 Nf6 3.e5 Nd5 4.Nf3 Nc6 5.d4 cxd4 6.Bc4 Nb6 7.Bb3 d6 8.exd6 Qxd6
9.O-O Bf5 10.cxd4 e6 11.Nc3 a6 12.Be3 Nb4 13.Ne5 Rd8 14.Qf3 N4d5 15.a4 Qb4
16.Ra3 Nxc3 17.Nxf7 Be4 18.Qg4 Bf5 19.Qf3 Be4 20.Qg4 Bf5 21.Qf3  1/2-1/2